Score 0/17 Timer 04:00
1 Play Today
% Correct
Marco
96.9%
Whitebeard
90.9%
Jozu
83.9%
Vista
77.7%
Thatch
75.3%
Portgas D. Ace
70.6%
Izo
53.4%
Namur
40.4%
Haruta
40.4%
% Correct
Curiel
35.5%
Blamenco
35.3%
Fossa
35.3%
Atmos
34%
Kingdew
31.6%
Rakuyo
31.1%
Blenheim
30.9%
Speed Jiru
30.9%
Remove Ads.
Support Sporcle.
Get the best of Sporcle when you Go Orange. This ad-free experience offers more features, more stats, and more fun while also helping to support Sporcle. Thank you for becoming a member.

You're not logged in!

Compare scores with friends on all Sporcle quizzes.
OR
Log In

Show Comments

Extras

Created Jul 10, 2012ReportNominate
Tags:Crew, One Piece, piece, pirate

Top Quizzes Today


Score Distribution

Your Account Isn't Verified!

In order to create a playlist on Sporcle, you need to verify the email address you used during registration. Go to your Sporcle Settings to finish the process.

Report this User

Report this user for behavior that violates our Community Guidelines.

Details: